000 00845 a2200229 4500
001 40848
005 20260407155703.0
008 260407a2015 arg spa d
003 AR-UNSa-BCEJYS
040 _aAR-UNSa-BCEJYS
_bspa
_cAR-UNSa-BCEJYS
080 _a37.01
_xBases de la educación. Teoría. Política, etc.
245 1 0 _aEnseñar a vivir
_pmanifesto para cambiar la educación
020 _a978-950-602-668-4
264 1 _aBuenos Aires :
_bEdiciones Nueva Visión
_c2015
300 _a140 p.
_c19 cm.
505 _a1. ¡Vivir! - 2. Una crisis - 3. ¡Comprender! - 4. ¡Conocer! - 5. ¡Ser Humano! - 6. Ser francés
041 _aspa
942 _cBK
590 _aniveau_biblio:m niveau_hierar:0
100 1 _aMorin, Edgar
856 4 1 _uhttps://www.biblioeco.unsa.edu.ar/pmb/images/libros/L126310.jpg
_yImagen de portada
_qimage/jpeg
999 _c3320
_d3320